| 000 | 00640nam a2200217Ia 4500 | ||
|---|---|---|---|
| 005 | 20260429111924.0 | ||
| 008 | 260429s9999||||xx |||||||||||||| ||und|| | ||
| 020 | _a9789394262348 | ||
| 041 | _aEnglish | ||
| 082 |
_a954 _bTOR |
||
| 100 | _aTorri, Michelguglielmo | ||
| 245 | 0 |
_aHistory of India : _bfrom the first human settlements to the Mughal empire, Vol. 1 / _cMichelguglielmo Torri |
|
| 250 | _a1st ed. | ||
| 260 |
_aNew Delhi : _bManohar Publishers and Distributors, _c2024. |
||
| 300 | _a410 p.; hb | ||
| 440 | _vVol. 1 | ||
| 650 | _a Ancient India | ||
| 650 | _a Mughal period | ||
| 650 | _aIndia-History | ||
| 942 | _cTB | ||
| 999 |
_c51445 _d51445 |
||